000
00259nam a22000977a 4500
008
240220b |||||||| |||| 00| 0 eng d
082
_a
A-N
_b
MURB
100
1
0
_a
Murakami, Haruki
_e
autor
_9
42992
245
_a
La biblioteca secreta /
_c
Haruki Murakami
942
_2
ddc
999
_c
30632
_d
17016